00789nam a2200193 a 450000100100000000500170001000800410002704000250006808200210009310000160011424501110013026000510024130000110029249000690030365100610037265100610043370000320049483000690052600002402520250924073802.0110118s1986 dr 000 0 spa d aDO-SdBNPbspacBNPHU a320.97293bA696g1 aArias, Luis10aGobierno del PRD y su política exterior período 1978-1986 /cLuis Arias ; prólogo Roberto Álvarez. aSanto Domingo :bEditora Universitaria,c1986. a130 p.1 aPublicaciones de la Universidad Autonóma de Santo Domingov476 4aRepública DominicanaxPolítica Y Gobiernoy1978-1986 4aRepública DominicanaxRelaciones Exterioresy1978-198612aÁlvarez, Robertoepról. aPublicaciones de la Universidad Autónoma de Santo Domingov476